000 01658nam0a2200325 4500
001 RU\NLR\bibl\108742
005 20260405155742.0
010 _a5-8173-0048-6
_9200
021 _aRU
_b2000-17555
_9837
035 _a(NLR Aleph) 000106431
090 _a602646
_c602646
100 _a20000918d1999 |||y0rusy50 ca
101 0 _arus
102 _aRU
105 _aa |||||||||
200 1 _aПогрузочные машины
_eУчеб. пособие для студентов спец. 17.11.00 "Машины и оборуд. природообустройства и защиты окружающей среды"
_fВ.Ф. Полетайкин, Е.В. Авдеева
_gМ-во общ. и проф. образования Рос. Федерации, Сиб. гос. технол. ун-т
210 _aКрасноярск
_cСибГТУ
_d1999
215 _a200 с.
_cил.
_d20
320 _aБиблиогр.: с. 190 (6 назв.)
606 0 _aПогрузчики одноковшовые
_jРуководства, пособия и т.п. для высшей школы
_92183410
_3RU\NLR\auth\661312853
606 0 _aПогрузчики одноковшовые
_jУчебные издания для высшей школы
_92183410
_3RU\NLR\auth\661312853
686 _aО951.6я73-1
700 1 _aПолетайкин
_bВ. Ф.
_4070
701 1 _4070
_8rus
_7ca
_aАвдеева
_bЕ. В.
_cканд. с.-х. наук
_gЕлена Владимировна
_3RU\NLR\auth\7766500
_949428
801 0 _aRU
_bNLR
_c20000918
_gPSBO
801 1 _aRU
_bNLR
_c20000918
852 _aNLR
_j2000-3/9630
942 _cBOOK
980 _aNB